| 000 | 00913cab a2200265 4500 | ||
|---|---|---|---|
| 001 | WB3434-44 | ||
| 008 | 090401t1998 xxu||||| |||| 00| 0 eng d | ||
| 035 | _a(Sirsi) u88410 | ||
| 041 | _aeng | ||
| 245 | _aFM companies to provide more public services | ||
| 260 | _c1998 | ||
| 350 | _a0 | ||
| 490 |
_aContract Journal _v395(6192) 9 September 1998, 8(1) |
||
| 520 | _aMore private facilities management companies are expected to provide services to the public sector as the use of Direct Labour Organisations declines, according to a report from Building Maintenance Information. | ||
| 650 | _aBMI | ||
| 650 | _aCOMPULSORY COMPETITIVE TENDERING | ||
| 650 | _aDIRECT LABOUR ORGANISATIONS | ||
| 650 | _aFACILITIES MANAGEMENT COMPANIES | ||
| 650 | _aOUTSOURCING | ||
| 650 | _aPRIVATE SECTOR | ||
| 650 | _aPUBLIC SECTOR | ||
| 690 | _aPROPERTY LAW AND PRACTICE | ||
| 942 | _n0 | ||
| 948 | _c11/09/1998 | ||
| 999 |
_c55845 _d55845 |
||